000 00547nam a2200181 i 4500
001 70961
003 ES-MaACL
005 20230906170959.0
007 t|
008 040804s1967 sp ||||1| spa d
100 1 _aGascó Contell, Emilio.
_955842
245 1 0 _aGenio y figura de Blasco Ibáñez /
_cEmilio Gascó Contell.
260 _aMadrid :
_bAfrodisio Aguado,
_c[1967]
300 _a282 p. ;
_c18 cm.
600 1 4 _aBlasco Ibáñez, Vicente,
_d1867-1928-
_xBiografías
_929389
852 _aES-MaACL
_jC-31732
999 _c70961
_d70961